| 000 | 00637nam a22002057a 4500 | ||
|---|---|---|---|
| 003 | 0 | ||
| 005 | 20251108093321.0 | ||
| 008 | 251108b xxu||||| |||| 00| 0 eng d | ||
| 020 | _a0-425-15747-4 | ||
| 050 |
_aPS 3566.A686 _b.P238 1996 |
||
| 100 |
_aParker, Robert B., _eauthor. |
||
| 245 |
_aChance / _cRobert B. Parker. |
||
| 260 |
_aNew York, NY : _bBerkley, _c1996. |
||
| 300 |
_a328 pages ; _c18 cm. |
||
| 650 | _aDetective and mystery stories. | ||
| 650 |
_aSpenser (Fictitious character : Parker) _xFiction. |
||
| 650 |
_aPrivate investigators _zUnited States _xFiction. |
||
| 650 |
_aBoston (Mass.) _xFiction. |
||
| 942 |
_2lcc _cBK |
||
| 999 |
_c368527 _d368527 |
||